000 00736cam a2200157 4500500
005 20260111090644.0
041 _afre
042 _adc
100 1 0 _aVallin, Pierre
_eauthor
245 0 0 _aChristian Sorrel, Libéralisme et modernisme. Mgr Lacroix (1855-1922), Enquête sur un suspect. Cerf, 2003, 542 pages, 59 €
260 _c2003.
500 _a98
520 _aRésuméL’humanité est confrontée à l’urgence absolue de retrouver Souffle. Ce lieu-là, ce lieu extrême, est celui de l’Evangile, du grand Avènement. Il est notre présent.
786 0 _nÉtudes | 399 | 11 | 2003-11-01 | p. 557zi-575zi | 0014-1941
856 4 1 _uhttps://shs.cairn.info/revue-etudes-2003-11-page-557zi?lang=fr&redirect-ssocas=7080
999 _c1619365
_d1619365